| 000 | 00815nam a22002177a 4500 | ||
|---|---|---|---|
| 003 | UA-OsUOA | ||
| 001 | 116852 | ||
| 007 | ta | ||
| 008 | 20160413b un ||||| |||| 00| 0 ukr d | ||
| 090 |
_a94(477)(082) _bМ34 |
||
| 942 | _cBK | ||
| 040 |
_aUA-OsUOA _bukr _cUA-OsUOA _dUA-OsUOA |
||
| 245 |
_aМатеріали ІІІ-ої Всеукраїнської наукової конференції аспірантської та сдудентської молоді "Від духовних джерел Візантії до сучасної України" _cза ред. В. І. Кузьменка |
||
| 300 | _a216 с. | ||
| 955 | _a1 | ||
| 041 | _aukr | ||
| 080 | _a94(477)(082) | ||
| 260 |
_aК. _bКСУ _c2003 |
||
| 650 | 7 |
_a9 Географія. Біографії. Історія _2UDC |
|
| 999 |
_c402772 _d402772 |
||